| 000 | 00765nam 22002293 4500 | ||
|---|---|---|---|
| 001 | 199007 | ||
| 010 | _a978-989-8662-61-3 | ||
| 021 |
_aPT _b375 979/14 |
||
| 090 | _a199007 | ||
| 100 | _a20251113d u||y0pory50 ba | ||
| 101 | _apor | ||
| 102 | _aPT | ||
| 200 |
_aA Criança, A Família e o Direito _eDe onde viemos. Onde estamos. Para onde vamos? _fEliana Gersão _gRevisão de João Pedro George |
||
| 205 | _a1ª | ||
| 210 |
_aLisboa _cFundação Francisco Manuel dos Santos _d2014 |
||
| 215 |
_a131, [1] p. _cBrochado _d24 cm |
||
| 606 |
_914911 _aCiências Sociais _xDireito Civil |
||
| 675 |
_a347.63/.64(469)/GER/CRI _vPT _zpor |
||
| 700 |
_914913 _aGersão _bEliana _f1941- |
||
| 801 |
_aPT _bBMMN _gRPC |
||
| 830 |
_cCarlos Pinto _d13-11-2025 _fCarlos Pinto |
||
| 990 | _cLIVROS | ||